| 000 | 01176nam a2200337 i 4500 | ||
|---|---|---|---|
| 001 | bg | ||
| 003 | BPK | ||
| 005 | 20200316121739.0 | ||
| 008 | 970510s1993 pl a f f |000 0 pol | ||
| 015 | _aPB 1994/1309 | ||
| 020 | _a8320416884 | ||
| 040 |
_aWA N _cBPK |
||
| 080 | _a621 | ||
| 080 | _a006.91 | ||
| 080 | _a681.2 | ||
| 080 | _a(075.8) | ||
| 100 | 1 |
_aJakubiec, Władysław _eAutor |
|
| 245 | 1 | 0 |
_aMetrologia wielkości geometrycznych / _cWładysław Jakubiec, Jan Malinowski. |
| 260 |
_aWarszawa : _bWydawnictwa Naukowo-Techniczne, _c1993. |
||
| 300 |
_a427, [1] s. : _bfot., rys., wykr. ; _c24 cm. |
||
| 504 | _aBibliogr. przy rozdz. | ||
| 521 | _aDla studentów wydziałów mechanicznych wyższych szkół technicznych. | ||
| 650 | 4 |
_aMaszyny _xbudowa i konstrukcje. |
|
| 650 | 4 |
_aPrzyrządy pomiarowe _xbudowa i konstrukcje. |
|
| 655 | 4 | _aPodręczniki akademickie | |
| 650 | 4 | _aPomiary | |
| 710 | 2 |
_aWydawnictwa Naukowo-Techniczne _4pbl. |
|
| 700 | 1 |
_aMalinowski, Jan _eAutor |
|
| 856 | 4 |
_uhttp://koha.tu.koszalin.pl/cgi-bin/koha/opac-detail.pl?biblionumber=6461 _yKatalog online BPK |
|
| 942 |
_2UKD _cKS |
||
| 999 |
_c6461 _d6461 |
||